|
|
|
|
| LEADER |
00937nta a2200205 i 4500 |
| 001 |
dokt824 |
| 005 |
20190719120618.0 |
| 008 |
110607s2010 hu om 0|| ger d |
| 040 |
|
|
|a SZTE Doktori Repozitórium
|b hun
|
| 041 |
|
|
|a ger
|
| 100 |
1 |
|
|a Hum Rozália
|
| 245 |
1 |
0 |
|a Untersuchung von reziproken Strukturen valenter Substantive in der deutschen Sprache
|h [elektronikus dokumentum] /
|c Hum Rozália
|
| 246 |
1 |
0 |
|a A valens főnevek reciprok szerkezeteinek vizsgálata a német nyelvben
|h [elektronikus dokumentum]
|
| 260 |
|
|
|c 2010-05-13
|
| 502 |
|
|
|a Disszertacio
|
| 650 |
|
4 |
|a nyelvtudományok
|
| 700 |
1 |
|
|a Bassola Péter
|e ths
|
| 856 |
4 |
0 |
|u https://doktori.bibl.u-szeged.hu/id/eprint/824/1/Hum_Rozalia.pdf
|z Dokumentum-elérés
|
| 856 |
4 |
0 |
|u https://doktori.bibl.u-szeged.hu/id/eprint/824/3/Hum_Rozalia_tezis_HU.pdf
|z Dokumentum-elérés
|
| 856 |
4 |
0 |
|u https://doktori.bibl.u-szeged.hu/id/eprint/824/2/Hum_Rozalia_tezis_DE.pdf
|z Dokumentum-elérés
|